宗谷本線 - Statistics

General Stats
  • This quiz has been taken 32 times
  • The average score is 20 of 34
Answer Stats
Answer % Correct
旭川駅
100%
名寄駅
93%
稚内駅
93%
豊富駅
89%
南稚内駅
89%
音威子府駅
85%
旭川四条駅
81%
新旭川駅
81%
天塩中川駅
78%
名寄高校駅
74%
士別駅
70%
幌延駅
70%
永山駅
67%
剣淵駅
67%
天塩川温泉駅
67%
比布駅
59%
塩狩駅
59%
美深駅
59%
和寒駅
52%
風連駅
48%
糠南駅
48%
兜沼駅
48%
勇知駅
48%
蘭留駅
44%
咲来駅
44%
筬島駅
44%
多寄駅
41%
佐久駅
41%
問寒別駅
41%
日進駅
33%
智恵文駅
33%
智北駅
30%
下沼駅
30%
瑞穂駅
26%
No matching quizzes found
Score Distribution
Percent of People with Each Score
Percentile by Number Answered
Your Score History
You have not taken this quiz